000 00337cam a22000977a 4500
008 180718b2000 xxu||||| |||| 00| 0 eng d
082 _aT394 N73
245 _aNon-tariff measures with potentially restrictive market access implications emerging in a post-uruguay round context
260 _aNew York
_bUnited Nations
_c2000
300 _a231+p.
999 _c498018
_d498018